| 000 | 00387nam a2200121Ia 4500 | ||
|---|---|---|---|
| 008 | 220217s9999 xx 000 0 und d | ||
| 245 | 0 | _aRubber-Measurement of vulcanization characteristics with the oscillating disc curemeter. | |
| 260 | _c1977 | ||
| 500 | _aStandard number: ISO 3417 | ||
| 650 | _a Oscillating disc curemeter | ||
| 650 | _a Vulcanization characteristics | ||
| 942 | _cST | ||
| 999 |
_c74130 _d74130 |
||